00883cam a2200241 a 450000100100000000500170001000800410002701000130006803500270008104000230010804300120013105000220014324500380016526000290020330000330023250000340026550001510029965000450045061000520049565000500054771000210059774000230061800001496720200929163931.0941012s1993 sp a c 000 0 spa  a94217944 a(CStRLIN)NYCGAGY7249-B aDO-SdBNPcDLCdDLC ae-sp---00aN7108b.C576 199303aLa coleccion de arte mas viajera. a[Madrid :bs.n.,c1993]. a73 p. :bcol. ill. ;c30 cm. a"Coleccion El aire" -- Cover. aCatalog of an exhibition of works by contemporary Spanish artists commissioned by Iberia airline and exhibited at various international locations. 0aArt, spanishy20th centuryvExhibitions.20aIberia (Airline)xArt collectionsvExhibitions. 0aArtxPrivate collectionszSpainvExhibitions.2 aIberia (Airline)0 aColeccion El aire.